| 000 | 00794nam a2200229Ia 4500 | ||
|---|---|---|---|
| 003 | GCL | ||
| 008 | 140319s9999 xx 000 0 ara d | ||
| 020 | _a681470977 | ||
| 040 |
_aGCL / _cGCL |
||
| 082 | 0 | 4 |
_aق _b962.074 _bج م |
| 100 | 1 | _aجمال حماد | |
| 245 | 1 | 0 |
_aمن سيناء الى الجولان / _cجمال حماد |
| 250 | _aالاولى | ||
| 260 |
_aالقاهرة : _bالزهراء للاعلام العربى ، _c1988 |
||
| 300 |
_a621 ص ؛ _c22 سم |
||
| 650 | 0 | 4 | _aالنزاع العربى الاسرائيلى |
| 650 | 0 | 4 | _aالموساد |
| 650 | 0 | 4 | _aحرب اكتوبر 1973 |
| 650 | 0 | 4 | _aمصر - الاحوال السياسية |
| 650 | 0 | 4 | _aمصر - تاريخ - العصر الحديث - انور السادات (1971 - 1981) |
| 942 |
_2ddc _cBK |
||
| 999 |
_c30410 _d30410 |
||